Friends trivia A-Z - Statistics

General Stats
  • This quiz has been taken 97 times
  • The average score is 19 of 26
Answer Stats
Hint Answer % Correct
C - Where Gunther works Central perk
100%
G - Ross and Monica's last name Geller
99%
F - JOEY DOESN'T SHARE... FOOD
98%
R - Ross maried her twice Rachel
98%
S - Phoebe's most famous song Smelly cat
96%
Z - The number of times Joey shared food Zero
96%
E - The name of Ross and Rachels daughter Emma
95%
D - Joey has a part in this show Days of our lives
90%
M - Ross' monkey Marcel
89%
P - The famous word yelled while moving a couch PIVOT
89%
J - OH MY GOD Janice
88%
Q - ''We were on a break!!'' is the most famous ... of many Quote
83%
U - Ross mastered this Japanese sense of DANGER... Unagi
83%
L - Where Mondler started London
78%
K - Joey and Chandler's favourite basketball team Knicks
76%
Y - Chandler went here to escape someone... Yemen
76%
I - Where Joey was born Italy
69%
N - Ugly ... Naked guy
69%
A - The bet which was won by Chandler and Joey Apartment
61%
H - Joey's penguin Hugsy
60%
T - THATS NOT EVEN A WORD!!! Transponster
50%
B - Ross had to do a boring ''speech'' here Barbados
44%
W - Ross had many 🙄 Wedding
43%
O - Rachel eats this as breakfast before a messy date Oatmeal
39%
V - Ross and Emily went here after their first time together Vermont
36%
X - The machine Chandler often complained about at work Xerox
36%
No matching quizzes found
Score Distribution
Percent of People with Each Score
Percentile by Number Answered
Your Score History
You have not taken this quiz